000 00334nam a2200157Ia 4500
100 _aFesto
650 _afesto
942 _cRB
654 _agrippers
245 _aGrippers and their applications 053435
260 _bFesto
_aBangalore
_c2001
082 _a629.8045/FES
_bFES
300 _a114
546 _aENGLISH
999 _c28334
_d28334